La frustración del fin del contrato
Uloženo v:
| Hlavní autor: | |
|---|---|
| Médium: | Kniha |
| Jazyk: | španělština |
| Vydáno: |
Madrid
Tecnos
1968
|
| Edice: | Biblioteca Tecnos de Estudios Jurídicos
|
| Témata: | |
| Tagy: |
Přidat tag
Žádné tagy, Buďte první, kdo vytvoří štítek k tomuto záznamu!
|
MARC
| LEADER | 00000nam a2200000 a 4500 | ||
|---|---|---|---|
| 001 | UCL6609 | ||
| 003 | CL-VaPUC | ||
| 008 | 040416e19680000SP |||||||||||||||||spa|d | ||
| 082 | 0 | 4 | |a 346.022 |b ESP |2 21 |
| 100 | 0 | |a Espert Sanz, Vicente |e author |9 484216 | |
| 245 | 1 | 3 | |a La frustración del fin del contrato |
| 300 | |a 263 p | ||
| 942 | |c BK | ||
| 945 | |d 20040416 00:00:00 |a cmena | ||
| 260 | |a Madrid |b Tecnos |c 1968 | ||
| 650 | 0 | |a Contratos |9 255153 | |
| 650 | 0 | |a Derecho comercial |9 256340 | |
| 650 | 0 | |a Buena fe |9 383961 | |
| 650 | 7 | |a TERMINO DE CONTRATO |2 CL-VaPUC |9 476827 | |
| 583 | |a last modification |c 20040416 00:00:00 |k Rodrigo Vera | ||
| 490 | 0 | |a Biblioteca Tecnos de Estudios Jurídicos | |
| 999 | |c 308603 |d 308601 | ||
| 952 | |0 0 |1 0 |4 0 |6 346_022000000000000_ESP_1968 |7 0 |8 A |9 375242 |a BIBDER |b BIBDER |d 2019-11-21 |i 3990648 |l 3 |m 2 |o 346.022 ESP 1968 |p 3990648 |r 2023-01-25 |s 2022-10-17 |w 2019-11-21 |y BK |k DER | ||